Funny Jokes Quiz - Statistics

General Stats
  • This quiz has been taken 32 times
  • The average score is 2 of 10
Answer Stats
Hint Answer % Correct
What part of the fish weighs the most? The scales.
78%
What makes a pair of shoes? Two shoes.
33%
Why don't robots panic? Because they have nerves of steel.
22%
Name a liquid that can't freeze. Hot water.
11%
What did King Arthur wear to bed? A knight gown.
7%
Why is your nose in the middle of your face? Because it is the scenter.
7%
What goes ha, ha, ha, plop? Someone laughing his head off.
7%
What did the glue say? Stick to it.
7%
What did the knife say? Be sharp.
4%
What do you call a guy who makes loudspeakers? Mike.
4%
No matching quizzes found
Score Distribution
Percent of People with Each Score
Percentile by Number Answered
Your Score History
You have not taken this quiz